| Tag |
First Indicator |
Second Indicator |
Subfields |
| LEADER |
00000cam a2200000Ia 4500 |
| 001 |
in00002176321 |
| 005 |
20151104060619.0 |
| 008 |
840430s1968 it a b 000 0 ita d |
| 035 |
|
|
|a (OCoLC)ocm10676590
|
| 040 |
|
|
|a KKU
|c KKU
|d OCLCQ
|d TXA
|d UtOrBLW
|
| 041 |
0 |
|
|a ita
|b eng
|b fre
|b ger
|
| 043 |
|
|
|a e-it---
|
| 049 |
|
|
|a TXAM
|
| 090 |
|
|
|a QL482.I8
|b F78 v.10, n.2
|
| 100 |
1 |
|
|a Quaglia, Fabio.
|
| 245 |
1 |
0 |
|a Sulla biologia della Pachytelia (Canephora) unicolor Hfn. (Lepidoptera-Psychidae) /
|c Fabio Quaglia.
|
| 264 |
|
1 |
|a La Spezia :
|b [Istituto di entomologia agraria della Università di Pisa],
|c 1968.
|
| 300 |
|
|
|a 42 pages :
|b illustrations ;
|c 25 cm.
|
| 336 |
|
|
|a text
|b txt
|2 rdacontent
|
| 337 |
|
|
|a unmediated
|b n
|2 rdamedia
|
| 338 |
|
|
|a volume
|b nc
|2 rdacarrier
|
| 490 |
1 |
|
|a Frustula entomologica ;
|v v. 10, n. 2
|
| 500 |
|
|
|a Summaries in Italian, German, English, and French.
|
| 504 |
|
|
|a Includes bibliographical references (pages 39-41).
|
| 650 |
|
0 |
|a Moths
|z Italy.
|
| 830 |
|
0 |
|a Frustula entomologica ;
|v v. 10, n. 2.
|
| 994 |
|
|
|a C0
|b TXA
|
| 948 |
|
|
|a cataloged
|b h
|c 2006/7/11
|d c
|e blrosas
|f 1:27:29 pm
|
| 999 |
|
|
|a MARS
|
| 999 |
f |
f |
|s d06bd87c-0945-31d6-b734-631fc8576bd3
|i 658c16ef-64cb-3486-b378-c33efacbd924
|t 0
|
| 952 |
f |
f |
|p ric
|a Texas A&M University
|b Rellis Campus
|c Joint Library Facility
|d Remote Storage
|t 0
|e QL482.I8 F78 v.10, n.2
|h Library of Congress classification
|i unmediated -- volume
|m A14834541035
|
| 998 |
f |
f |
|a QL482.I8 F78 v.10, n.2
|t 0
|l Remote Storage
|